[Event "Hammamet Carthage op 1st"]
[Site "Hammamet"]
[Date "2015.10.06"]
[Round "3"]
[White "Al Khattab, Ghassan M Ali Ajmed"]
[Black "Remadi, Zied"]
[Result "1-0"]
[WhiteElo "2064"]
[BlackElo "1752"]
[PlyCount "77"]
[EventDate "2015.10.04"]
[EventType "swiss"]
[EventRounds "9"]
[EventCountry "TUN"]
[SourceTitle "CBM 168 Extra"]
[Source "ChessBase"]
[SourceDate "2015.10.29"]
[SourceVersion "1"]
[SourceVersionDate "2015.10.29"]
[SourceQuality "1"]

1. e4 e5 2. Nf3 Nf6 3. Nxe5 d6 4. Nf3 Nxe4 5. d4 d5 6. Bd3 Be7 7. 0-0 Nc6 8. c4 Nb4 9. Bxe4 dxe4 10. Ne5 0-0 11. a3 Nc6 12. Nxc6 bxc6 13. Nc3 f5 14. f3 Bf6 15. Ne2 exf3 16. Rxf3 Rb8 17. b3 Be6 18. Ra2 Qd7 19. Be3 Rbe8 20. Rd2 Bf7 21. Ng3 Bg6 22. Bf4 Bh4 23. d5 Bxg3 24. Rxg3 Re4 25. Rd4 Rfe8 26. Rxe4 Rxe4 27. Qd2 cxd5 28. cxd5 Qe7 29. h3 Qc5+ 30. Kh2 Qd4 31. Rd3 Qc5 32. Rc3 Qd4 33. Qxd4 Rxd4 34. Be3 Rxd5 35. Bxa7 Ra5 36. Bc5 Kf7 37. b4 Ra8 38. Bd4 Ke6 39. Bxg7 1-0

[Event "IRQ-ch"]
[Site "Baghdad"]
[Date "2015.09.19"]
[Round "8"]
[White "Salih, Akar Ali Salih"]
[Black "Al Khattab, Ghassan M Ali Ajmed"]
[Result "0-1"]
[WhiteElo "2320"]
[BlackElo "2084"]
[PlyCount "72"]
[EventDate "2015.09.14"]
[EventType "tourn"]
[EventRounds "11"]
[EventCountry "IRQ"]
[SourceTitle "EXT 2016"]
[Source "ChessBase"]
[SourceDate "2015.10.08"]
[SourceVersion "1"]
[SourceVersionDate "2015.10.08"]
[SourceQuality "1"]

1. e4 e6 2. d4 d5 3. e5 c5 4. c3 Nc6 5. Nf3 Bd7 6. a3 a5 7. Bd3 f5 8. exf6 Nxf6 9. Ne5 cxd4 10. cxd4 Bd6 11. Nxd7 Qxd7 12. Be3 e5 13. dxe5 Bxe5 14. Qc2 0-0 15. Bf5 Qe7 16. 0-0 d4 17. Bg5 g6 18. Bh3 Qd6 19. f4 Nd5 20. fxe5 Rxf1+ 21. Kxf1 Qxe5 22. Qc1 d3 23. Nc3 Rf8+ 24. Kg1 Nd4 25. Qe1 Qxg5 26. Be6+ Kg7 27. Bxd5 Nc2 28. h4 Qf6 29. Qd1 Qd4+ 30. Kh1 Qxh4+ 31. Kg1 Qd4+ 32. Kh1 Nxa1 33. Qxa1 Qh4+ 34. Kg1 d2 35. Qd1 Qe1+ 36. Kh2 Rf1 0-1

[Event "IRQ-ch"]
[Site "Baghdad"]
[Date "2015.09.16"]
[Round "4"]
[White "Ahmed, Ali Layth Ahmed"]
[Black "Al Khattab, Ghassan M Ali Ajmed"]
[Result "1-0"]
[WhiteElo "2279"]
[BlackElo "2084"]
[PlyCount "39"]
[EventDate "2015.09.14"]
[EventType "tourn"]
[EventRounds "11"]
[EventCountry "IRQ"]
[SourceTitle "EXT 2016"]
[Source "ChessBase"]
[SourceDate "2015.10.08"]
[SourceVersion "1"]
[SourceVersionDate "2015.10.08"]
[SourceQuality "1"]

1. d4 d5 2. c4 dxc4 3. e3 e6 4. Bxc4 Nf6 5. Nf3 c5 6. 0-0 Nc6 7. Qe2 Qc7 8. Nc3 a6 9. Bb3 b5 10. dxc5 Bxc5 11. e4 0-0 12. e5 Nd7 13. Bf4 Bb7 14. Rfd1 Na5 15. Bc2 Rfd8 16. Rac1 Nc4 17. Ng5 Nf8 18. b3 Na3 19. Be4 Rxd1+ 20. Nxd1 1-0

[Event "Arab-ch"]
[Site "Amman"]
[Date "2014.12.10"]
[Round "6"]
[White "Khader, Sami"]
[Black "Al Khattab, Ghassan M Ali Ajmed"]
[Result "1-0"]
[WhiteElo "2380"]
[BlackElo "2124"]
[PlyCount "75"]
[EventDate "2014.12.07"]
[EventType "swiss"]
[EventRounds "9"]
[EventCountry "JOR"]
[SourceTitle "EXT 2016"]
[Source "ChessBase"]
[SourceDate "2015.10.08"]
[SourceVersion "1"]
[SourceVersionDate "2015.10.08"]
[SourceQuality "1"]

1. d4 Nf6 2. c4 e6 3. Nf3 d5 4. g3 c5 5. cxd5 exd5 6. Bg2 Nc6 7. 0-0 c4 8. Nc3 Be7 9. Ne5 0-0 10. Be3 h6 11. h3 Qa5 12. Qd2 Bb4 13. a3 Bxc3 14. bxc3 Nxe5 15. dxe5 Ne4 16. Qd4 Be6 17. Rac1 Qxa3 18. Kh2 Qe7 19. f3 Ng5 20. f4 Ne4 21. f5 Bd7 22. f6 Qe6 23. Rf4 g5 24. Rg4 Rfe8 25. Bxe4 Qxe5 26. Bxd5 Bxg4 27. Bxf7+ Kxf7 28. Qxg4 Kg6 29. Rf1 Qe6 30. Qf3 Rad8 31. Qxb7 Rd7 32. Qb5 Rd5 33. Qb7 Rf5 34. g4 Qe5+ 35. Kg2 Qe4+ 36. Qxe4 Rxe4 37. gxf5+ Kxf6 38. Bd4+ 1-0

[Event "Olympiad-41"]
[Site "Tromsoe"]
[Date "2014.08.09"]
[Round "7.4"]
[White "Al Khattab, Ghassan M Ali Ajmed"]
[Black "Giron, Jorge Ernesto"]
[Result "0-1"]
[WhiteElo "2140"]
[BlackElo "2103"]
[PlyCount "86"]
[EventDate "2014.08.02"]
[EventType "team-swiss"]
[EventRounds "11"]
[EventCountry "NOR"]
[SourceTitle "CBM 162"]
[Source "ChessBase"]
[SourceDate "2014.09.17"]
[SourceVersion "1"]
[SourceVersionDate "2014.09.17"]
[SourceQuality "1"]
[WhiteTeam "Iraq"]
[BlackTeam "El Salvador"]
[WhiteTeamCountry "IRQ"]
[BlackTeamCountry "ESA"]

1. e4 e6 2. d4 d5 3. Nc3 a6 4. Nf3 Nf6 5. Bg5 Be7 6. Bxf6 Bxf6 7. Bd3 b5 8. a3 0-0 9. e5 Be7 10. Ne2 c5 11. c3 Nc6 12. h4 f6 13. Qc2 f5 14. Qd2 Na5 15. Qf4 Nb3 16. Rd1 cxd4 17. cxd4 Qa5+ 18. Kf1 Qb6 19. Rh3 b4 20. axb4 Qxb4 21. Rg3 Kh8 22. h5 Bd7 23. Nh4 Bxh4 24. Qxh4 Rf7 25. Bc2 Nd2+ 26. Kg1 Ne4 27. Ra3 Qxb2 28. Rxa6 Rc8 29. Bd3 f4 30. Bxe4 Qxe2 31. Rda1 dxe4 32. Ra8 Rff8 33. Rxc8 Bxc8 34. h6 gxh6 35. Qxh6 Rf5 36. Qh4 e3 37. Qd8+ Kg7 38. Qe7+ Kh6 39. Qh4+ Qh5 40. Qe7 Rf7 41. Qd8 Bb7 42. f3 Bxf3 43. Ra6 Qg4 0-1

[Event "Asia-chT 18th"]
[Site "Tabriz"]
[Date "2014.05.29"]
[Round "9.1"]
[White "Darini, Pouria"]
[Black "Al Khattab, Ghassan M Ali Ajmed"]
[Result "1-0"]
[WhiteElo "2449"]
[BlackElo "2162"]
[PlyCount "69"]
[EventDate "2014.05.22"]
[EventType "team-tourn"]
[EventRounds "9"]
[EventCountry "IRI"]
[SourceTitle "CBM 160 Extra"]
[Source "ChessBase"]
[SourceDate "2014.07.01"]
[SourceVersion "1"]
[SourceVersionDate "2014.07.01"]
[SourceQuality "1"]
[WhiteTeam "Iran II"]
[BlackTeam "Iraq"]
[WhiteTeamCountry "IRI"]
[BlackTeamCountry "IRQ"]

1. e4 e5 2. Nf3 Nc6 3. Bb5 a6 4. Ba4 Nf6 5. 0-0 b5 6. Bb3 Be7 7. d3 0-0 8. Nc3 d6 9. a3 Bg4 10. Be3 Na5 11. Ba2 c6 12. b4 Nb7 13. h3 Bh5 14. Ne2 Bxf3 15. gxf3 d5 16. Ng3 d4 17. Bd2 g6 18. Kh2 Nd6 19. f4 exf4 20. Bxf4 Nde8 21. Rg1 Ng7 22. Bh6 Nfe8 23. Qg4 a5 24. Bd2 axb4 25. axb4 Kh8 26. f4 f5 27. exf5 Nxf5 28. Nxf5 Rxf5 29. Qxf5 Rxa2 30. Qe5+ Bf6 31. Qc5 Be7 32. Qxc6 Rxa1 33. Rxa1 Nc7 34. Qe4 Bf6 35. Ra7 1-0

[Event "Asia-chT 18th"]
[Site "Tabriz"]
[Date "2014.05.24"]
[Round "4.1"]
[White "Al Khattab, Ghassan M Ali Ajmed"]
[Black "Mansour, Sameer"]
[Result "0-1"]
[WhiteElo "2162"]
[BlackElo "2257"]
[PlyCount "54"]
[EventDate "2014.05.22"]
[EventType "team-tourn"]
[EventRounds "9"]
[EventCountry "IRI"]
[SourceTitle "EXT 2020"]
[Source "ChessBase"]
[SourceDate "2019.10.17"]
[SourceVersion "1"]
[SourceVersionDate "2019.10.17"]
[SourceQuality "1"]
[WhiteTeam "Iraq"]
[BlackTeam "Jordan"]
[WhiteTeamCountry "IRQ"]
[BlackTeamCountry "JOR"]

1. e4 c5 2. Nf3 g6 3. c3 Bg7 4. d4 cxd4 5. cxd4 d5 6. e5 Bg4 7. Be2 Nc6 8. Nc3 Bxf3 9. Bxf3 e6 10. Be3 Nge7 11. g4 Qb6 12. Qb3 Nxd4 13. Qa4+ Nec6 14. 0-0-0 Bxe5 15. Nb5 Qxb5 16. Rxd4 Nxd4 17. Bd1 Rc8+ 18. Kb1 Qxa4 19. Bxa4+ Ke7 20. f4 Bg7 21. Rd1 Rc4 22. b3 Rxa4 23. bxa4 Ne2 24. Rd3 Rc8 25. Rb3 Nc3+ 26. Kc2 Nxa4+ 27. Kd2 b6 0-1

[Event "Asia-chT 18th"]
[Site "Tabriz"]
[Date "2014.05.24"]
[Round "3.1"]
[White "Sethuraman, SP."]
[Black "Al Khattab, Ghassan M Ali Ajmed"]
[Result "1-0"]
[WhiteElo "2582"]
[BlackElo "2162"]
[PlyCount "49"]
[EventDate "2014.05.22"]
[EventType "team-tourn"]
[EventRounds "9"]
[EventCountry "IRI"]
[SourceTitle "EXT 2020"]
[Source "ChessBase"]
[SourceDate "2019.10.17"]
[SourceVersion "1"]
[SourceVersionDate "2019.10.17"]
[SourceQuality "1"]
[WhiteTeam "India"]
[BlackTeam "Iraq"]
[WhiteTeamCountry "IND"]
[BlackTeamCountry "IRQ"]

1. d4 d5 2. c4 c6 3. Nc3 Nf6 4. e3 e6 5. Nf3 Nbd7 6. Bd3 Bb4 7. 0-0 Bxc3 8. bxc3 0-0 9. cxd5 cxd5 10. c4 Re8 11. Bb2 b6 12. cxd5 exd5 13. Rc1 Bb7 14. Ne5 Rc8 15. Qa4 a6 16. Rxc8 Bxc8 17. Bxa6 Bxa6 18. Qxa6 Nxe5 19. dxe5 Nd7 20. Rc1 h6 21. Bd4 Kh7 22. f4 g6 23. Qb7 Re6 24. Rc7 Qh4 25. h3 1-0

[Event "Asia-chT 18th"]
[Site "Tabriz"]
[Date "2014.05.21"]
[Round "1.1"]
[White "Le, Quang Liem"]
[Black "Al Khattab, Ghassan M Ali Ajmed"]
[Result "1-0"]
[WhiteElo "2712"]
[BlackElo "2162"]
[PlyCount "77"]
[EventDate "2014.05.22"]
[EventType "team-tourn"]
[EventRounds "9"]
[EventCountry "IRI"]
[SourceTitle "EXT 2020"]
[Source "ChessBase"]
[SourceDate "2019.10.17"]
[SourceVersion "1"]
[SourceVersionDate "2019.10.17"]
[SourceQuality "1"]
[WhiteTeam "Vietnam"]
[BlackTeam "Iraq"]
[WhiteTeamCountry "VIE"]
[BlackTeamCountry "IRQ"]

1. d4 Nf6 2. c4 e6 3. Nc3 d5 4. cxd5 exd5 5. Bg5 Be7 6. e3 0-0 7. Bd3 Nbd7 8. Qc2 h6 9. Bh4 Re8 10. Nge2 a6 11. 0-0 c6 12. f3 b5 13. Rad1 Bb7 14. Kh1 c5 15. dxc5 Nxc5 16. Bf5 b4 17. Bxf6 Bxf6 18. Nxd5 Bxd5 19. Qxc5 Re5 20. e4 Bxe4 21. Rxd8+ Rxd8 22. Qxe5 Bxe5 23. Bxe4 Rd2 24. Nc1 Bxb2 25. Nb3 Re2 26. Bd3 Re6 27. g3 Rd6 28. Rd1 g6 29. Kg2 Rd5 30. Be2 Re5 31. Bxa6 Re7 32. Rd2 Bc3 33. Re2 Ra7 34. Bd3 Rd7 35. Bc2 Ra7 36. Nc1 Bb2 37. Nd3 Bc3 38. Bb3 Rd7 39. Ne5 1-0

[Event "Poti Aleksandria Cup 7th"]
[Site "Poti"]
[Date "2012.07.16"]
[Round "3"]
[White "Mammadov, Zaur Fazahir Oglu"]
[Black "Al Khattab, Ghassan M Ali Ajmed"]
[Result "1-0"]
[WhiteElo "2426"]
[BlackElo "2184"]
[PlyCount "58"]
[EventDate "2012.07.14"]
[EventType "swiss"]
[EventRounds "9"]
[EventCountry "GEO"]
[SourceTitle "CBM 149 Extra"]
[Source "ChessBase"]
[SourceDate "2012.08.24"]
[SourceVersion "1"]
[SourceVersionDate "2012.08.24"]
[SourceQuality "1"]

1. e4 Nf6 2. e5 Nd5 3. c4 Nb6 4. c5 Nd5 5. d4 d6 6. cxd6 cxd6 7. Nf3 Nc6 8. Bc4 Nb6 9. Bb5 a6 10. Bxc6+ bxc6 11. 0-0 Bg4 12. Qb3 Nd5 13. Nbd2 Qb6 14. Qd3 e6 15. Nc4 Qc7 16. Bd2 Be7 17. Rfc1 Bf5 18. Qb3 0-0 19. exd6 Bxd6 20. Nfe5 Rfb8 21. Ba5 Qe7 22. Nxc6 Bxh2+ 23. Kf1 Qh4 24. Nxb8 Rxb8 25. Nd6 Bxd6 26. Qxb8+ Bf8 27. Qxf8+ Kxf8 28. Rc8+ Ke7 29. Rcc1 Kd7 1-0

[Event "Asia Cities-ch 17th"]
[Site "Jakarta"]
[Date "2011.04.27"]
[Round "8.4"]
[White "Al Khattab, Ghassan M Ali Ajmed"]
[Black "Laylo, Darwin"]
[Result "0-1"]
[WhiteElo "2152"]
[BlackElo "2516"]
[PlyCount "84"]
[EventDate "2011.04.22"]
[EventType "team-swiss"]
[EventRounds "9"]
[EventCountry "INA"]
[SourceTitle "CBM 142 Extra"]
[Source "ChessBase"]
[SourceDate "2011.06.27"]
[SourceVersion "1"]
[SourceVersionDate "2011.06.27"]
[SourceQuality "1"]
[WhiteTeam "Baghdad"]
[BlackTeam "Tagaytay"]
[WhiteTeamCountry "IRQ"]
[BlackTeamCountry "PHI"]

1. e4 d5 2. exd5 Nf6 3. d4 Qxd5 4. Nc3 Qd6 5. Nf3 c6 6. h3 Nbd7 7. Be2 g6 8. 0-0 Bg7 9. Re1 0-0 10. Bc4 b5 11. Bb3 a5 12. a4 b4 13. Ne2 Ba6 14. c4 e6 15. Bf4 Qe7 16. c5 Rfe8 17. Bd6 Bxe2 18. Rxe2 Qd8 19. Ne5 Nxe5 20. dxe5 Nd5 21. Bxd5 exd5 22. Qd3 Re6 23. f4 Qh4 24. Rf1 f6 25. f5 gxf5 26. Qxf5 Rae8 27. Rf4 Qh6 28. exf6 Qxf6 29. Rxe6 Qxe6 30. Qh5 d4 31. Rg4 d3 32. Bf4 Re7 33. Rg3 Qe2 34. Qg5 h6 35. Qf5 d2 36. Bxd2 Qxd2 37. Qc8+ Kf7 38. Rf3+ Bf6 39. Qxc6 Qd4+ 40. Kh2 Qe5+ 41. Kg1 h5 42. Qc8 Rc7 0-1

[Event "Tbilisi Cup"]
[Site "Tbilisi"]
[Date "2010.05.16"]
[Round "2"]
[White "Bagaturov, Giorgi"]
[Black "Al Khattab, Ghassan M Ali Ajmed"]
[Result "1-0"]
[WhiteElo "2453"]
[BlackElo "2138"]
[PlyCount "109"]
[EventDate "2010.05.15"]
[EventType "swiss"]
[EventRounds "9"]
[EventCountry "GEO"]
[SourceTitle "CBM 136 Extra"]
[Source "ChessBase"]
[SourceDate "2010.07.02"]
[SourceVersion "2"]
[SourceVersionDate "2010.07.15"]
[SourceQuality "1"]

1. d4 Nf6 2. Nf3 e6 3. c4 b6 4. a3 Bb7 5. Nc3 Be7 6. d5 exd5 7. cxd5 0-0 8. e4 d6 9. Bd3 Nbd7 10. 0-0 Ng4 11. Nd4 Bf6 12. Be2 Nge5 13. Be3 Re8 14. Rc1 a6 15. f4 Ng6 16. b4 b5 17. a4 bxa4 18. Qxa4 Nb6 19. Qa2 Ne7 20. Bf2 c6 21. dxc6 Nxc6 22. Nf5 Nxb4 23. Qd2 Rc8 24. Qxd6 Rxc3 25. Bxb6 Qc8 26. Rxc3 Qxc3 27. e5 Qc2 28. Nd4 Qe4 29. Bf3 Qe3+ 30. Kh1 Nd3 31. Ne2 Qd2 32. Bxb7 Qxe2 33. Kg1 Bd8 34. Bxa6 Bxb6+ 35. Qxb6 Qe4 36. Bb5 Rf8 37. Bc6 Qc4 38. Bb5 Qb4 39. e6 fxe6 40. Qxe6+ Kh8 41. Bxd3 Qd4+ 42. Rf2 Qxd3 43. g3 h6 44. Kg2 Rd8 45. f5 Qd5+ 46. Kh3 Qxe6 47. fxe6 Re8 48. Re2 g6 49. Kg4 Kg7 50. h4 Kf6 51. h5 g5 52. e7 Rxe7 53. Rxe7 Kxe7 54. Kf5 Kf7 55. g4 1-0

[Event "Tbilisi Municipality Cup"]
[Site "Tbilisi"]
[Date "2009.06.16"]
[Round "2"]
[White "Al Khattab, Ghassan M Ali Ajmed"]
[Black "Margvelashvili, Giorgi"]
[Result "0-1"]
[WhiteElo "2193"]
[BlackElo "2491"]
[PlyCount "36"]
[EventDate "2009.06.15"]
[EventType "swiss"]
[EventRounds "9"]
[EventCountry "GEO"]
[SourceTitle "CBM 130 Extra"]
[Source "ChessBase"]
[SourceDate "2009.07.02"]
[SourceVersion "2"]
[SourceVersionDate "2009.07.15"]
[SourceQuality "1"]

1. e4 c6 2. d4 d5 3. Nc3 dxe4 4. Nxe4 Bf5 5. Ng3 Bg6 6. h4 h6 7. Nf3 Nd7 8. Bd3 Bxd3 9. Qxd3 e6 10. Bd2 Ngf6 11. 0-0-0 Be7 12. Qe2 0-0 13. Ne5 Qc7 14. Nh5 Rad8 15. Rh3 Nxh5 16. Qxh5 Nf6 17. Qe2 Rxd4 18. g4 Re4 0-1